Deutschland nach Buchstabe - A - Statistiken

Allgemein
  • Dieses Quiz wurde 181 mal gespielt
  • Das Durchschnittsergebnis liegt bei 10 aus 15
Antwortstatistiken
Frage Antwort % Korrekt
Was ist das Wappentier Deutschlands? Adler
99%
Wie heißt ein großer Automobilhersteller mit Sitz in Ingolstadt? Audi
98%
Wie heißt der erste Bundeskanzler der Bundesrepublik Deutschland? Adenauer
96%
Wie heißt die größte Stadt des bayerischen Regierungsbezirks Schwaben? Augsburg
93%
Welches deutsche Unternehmen teilt sich in Deutschland in Nord und Süd? Aldi
92%
Welches Unternehmen ist einer der größten Versicherer der Welt? Allianz
90%
In welchem Gebirge befindet sich die Zugspitze? Alpen
90%
Welche Stadt wird häufig mit Karl dem Großen in Verbindung gebracht? Aachen
89%
Wie heißt die Landschaft bzw. Region im Südwesten Bayerns, dessen größte Stadt Kempten ist? Allgäu
75%
Die Bundesministerin für welches Ressort ist Bärbel Bas? Arbeit und Soziales
50%
Welcher Fluss entspringt im Norden Sachsen-Anhalts und mündet südlich von Bremen in die Weser? Aller
49%
Wie heißt das Gebiet südlich von Hamburg, welches für den Obstanbau bekannt ist? Altes Land
42%
Wie heißt die Volksvertretung Berlins? Abgeordnetenhaus
20%
Wie heißt eine historische Kulturlandschaft im Norden Sachsen-Anhalts? Altmark
16%
Wie heißt ein 1555 geschlossener Vertrag im Heiligen Römischen Reich, welcher die Koexistenz der beiden Kirchen ermöglichte? Augsburger Religionsfrieden
4%
Keine übereinstimmenden Quizze gefunden
Verteilung der Resultate
Anzahl Personen mit jedem Resultat
Perzentil nach korrekt beantworteten Fragen
Ihre Resultats-Entwicklung
Sie haben dieses Quiz noch nicht gespielt